000 03518nam a2200961 a 4500
001 13840
003 CO-ViMGA
008 141112s2004 ck r 000 u spa d
020 _a847368205X
040 _aCO-ViMGA
_bspa
_cCO-ViMGA
082 0 4 _aR909 G715
245 1 0 _aGran historia de la humanidad
260 _aBarcelona :
_bDeagostini,
_c1993
300 _a10 Vol.
500 _aSolicitar el ejemplar de la tabla de contenido.
505 _aVOL.(1) : Prehistoria : primeras culturas urbanas. VOL.(2) : Primeros imperios historicos VOL.(3) : Grecia y Roma : los modelos clasicos. VOL.(4) : Señorio y feudalismo : los origenes de Europa. VOL.(5) : Renacimiento y modernidad. VOL.(6) : De la crisis barroca al siglo de las luces. VOL.(7) : Revolucion industrial y Nacionalismo. VOL.(8) : Imperialismo y guerras mundiales VOL.(9) : La guerra fria : la política de bloques. VOL.(10) : El siglo de los tres mundos.
650 1 4 _aARTE CLASICO
_920114
650 1 4 _aARTE CUATERNARIO
_920115
650 1 4 _aARTE GOTICO
_920116
650 1 4 _aARTE ROMANTICO
_920117
650 1 4 _aARTE RUPESTRE
_920118
650 1 4 _aAVANCES TECNOLOGICOS
_916809
650 1 4 _aBISMARCK
_920119
650 1 4 _aCHINA - DINASTIA
_920120
650 1 4 _aCIVILIZACION MINOICA
_920121
650 1 4 _aCIVILIZACION ORIENTAL - SURGIMIENTO
_920122
650 1 4 _aCOLONIZACION DE BRASIL
_920123
650 1 4 _aCRISIS ESPAÑOLA
_920124
650 1 4 _aDINASTIA SHANG
_920125
650 1 4 _aEDAD DE BRONCE
_920126
650 1 4 _aEDAD MEDIA - CIENCIA
_920127
650 1 4 _aEGIPTO - ESTADO
_920128
650 1 4 _aEL CAPITALISMO
_99866
650 1 4 _aEL IMPRESIONISMO
_920129
650 1 4 _aEL ISLAM
_920130
650 1 4 _aEL ROMANTICISMO - HISTORIA
_920131
650 1 4 _aFENICIOS - GRIEGOS
_920132
650 1 4 _aFEUDALISMO - JAPON
_920133
650 1 4 _aFEUDALISMO DE EUROPA
_920134
650 1 4 _aGRECIA - CULTURA
_920135
650 1 4 _aGUERRAS DEL OPIO
_920136
650 1 4 _aHARAPPA - CULTURA
_920137
650 1 4 _aHEGEMONIA AFROASIATICA
_920138
650 1 4 _aHEGEMONIA ESPAÑOLA
_920139
650 1 4 _aHISTORIA UNIVERSAL - ENCICLOPEDIA
_920140
650 1 4 _aHITITA - REINO
_920141
650 1 4 _aIBEROAmérica
_920142
650 1 4 _aIMPERIALISMO ROMANO
_920143
650 1 4 _aINDIA ANTIGUA
_920144
650 1 4 _aINDOEUROPEO
_920145
650 1 4 _aJUDIO - ORIGEN
_920146
650 1 4 _aLA PESTE NEGRA
_920147
650 1 4 _aLA SEGUNDA GUERRA MUNDIAL
_920148
650 1 4 _aLAS CRUZADAS
_920149
650 1 4 _aLOS ETRUSCOS
_920150
650 1 4 _aLUCHAS SOCIALES - EUROPA
_920151
650 1 4 _aMAYA - SOCIEDAD
_920152
650 1 4 _aMESOPOTAMIA - IMPERIO
_920153
650 1 4 _aMOVIMIENTO ENCICLOPEDISTA
_920154
650 1 4 _aMOVIMIENTO OBRERO - NACIMIENTO
_920155
650 1 4 _aORIGEN DEL HOMBRE
650 1 4 _aPALEOLITICO - COMUNIDAD
_920156
650 1 4 _aPERU PRECOLOMBINO
_920157
650 1 4 _aPLAGA DE LA BRUJERIA
_920158
650 1 4 _aPRIMERA GUERRA MUNDIAL - ORIGEN
_920159
650 1 4 _aREPUBLICA IMPERIAL
_920160
650 1 4 _aREVOLUCION CIENTIFICA
_920161
650 1 4 _aREVOLUCION FRANCESA
650 1 4 _aREVOLUCION INDUSTRIAL
_954004
650 1 4 _aREVOLUCION RUSA
_920162
650 1 4 _aROMA - CULTURA
_920163
650 1 4 _aSOCIALISMO Y REVOLUCION
_920164
650 1 4 _aV.1
_920165
650 1 4 _aV.10
_920166
650 1 4 _aV.2
_920167
650 1 4 _aV.3
_920168
650 1 4 _aV.4
_920169
650 1 4 _aV.5
_920170
650 1 4 _aV.6
_920171
650 1 4 _aV.7
_920172
650 1 4 _aV.9
_920173
942 _2ddc
_cBK
999 _c24542
_d24542